Sports Quiz

Random Sports or NFL Quiz

#5 Athletes Quiz Stats

 Plays Quiz Updated Oct 29, 2017

Also try: #2 Athletes
Challenge
Share
Tweet
Score 0/12 Timer 03:00
0 Plays Today
Athlete % Correct
Jason Kidd
93.5%
Kevin Garnett
93.2%
Joe Flacco
87.6%
Donovan McNabb
83.2%
José Alberto Pujols Alcántara
80.3%
George Brett
61.7%
Joe DiMaggio
59.7%
Johnny Bench
56.2%
Brooks Robinson
43.6%
Nicklas Lidström
22.7%
Denis Potvin
14.2%
Aaron Ekblad
9.2%

You're not logged in!

Compare scores with friends on all Sporcle quizzes.
Join for Free
OR
Log In

You Might Also Like...

Show Comments

Extras

Top Quizzes Today


Score Distribution

Your Account Isn't Verified!

In order to create a playlist on Sporcle, you need to verify the email address you used during registration. Go to your Sporcle Settings to finish the process.

Report this User

Report this user for behavior that violates our Community Guidelines.

Details: